| 000 | 00394nam a22001457a 4500 | ||
|---|---|---|---|
| 082 |
_a624.17 _bCOU _cD |
||
| 100 |
_aCoults, H.W _942729 |
||
| 245 |
_aTheory of structures / _cH.W, Coults. |
||
| 250 | _a2nd edit. | ||
| 260 |
_aLondon : _bSIR ISAAC Pitman & Sons, Ltd. _c1946. |
||
| 300 | _aviii, 400 p. : | ||
| 526 |
_a0 _b0 _c0 _d624_170000000000000_COU |
||
| 650 |
_aMCE _9379 |
||
| 942 |
_2ddc _cBK |
||
| 999 |
_c546578 _d546578 |
||